Rešenije zadači biznes-putešestvennika s pomošč`ju programmy MS Excel

O možnosti riešenia úlohy obchodného cestujúceho. Formovanie úlohy. Riešenie úlohy obchodného cestujúceho pomocou MS Excel.

Gespeichert in:
Bibliographische Detailangaben
1. Verfasser: Pekár, Juraj, 1972-
Weitere Verfasser: Brezina, Ivan, 1963-, Kultan, Jaroslav, 1960-
Format: Buchkapitel
Sprache:Russisch
Schlagworte:
Tags: Tag hinzufügen
Keine Tags, Fügen Sie das erste Tag hinzu!

MARC

LEADER 00000naa$a2200000$$$4500
001 0242874
005 20240502083651.4
041 0 |a rus 
044 |a RU 
245 1 0 |a Rešenije zadači biznes-putešestvennika s pomošč`ju programmy MS Excel  |c Ju. Pekar, I. Brezina, Ja. Kultan 
520 |a O možnosti riešenia úlohy obchodného cestujúceho. Formovanie úlohy. Riešenie úlohy obchodného cestujúceho pomocou MS Excel. 
610 2 0 |a obchodní cestujúci 
610 2 0 |a technológie informačné 
610 2 0 |a technológie komunikačné 
610 2 0 |a počítače 
610 2 0 |a programovanie matematické 
100 1 |a Pekár, Juraj, 1972- 
700 1 |a Brezina, Ivan, 1963- 
700 1 |a Kultan, Jaroslav, 1960-